| 000 | 00433nam a2200169Ia 4500 | ||
|---|---|---|---|
| 005 | 20250424120254.0 | ||
| 008 | 250424s9999 xx 000 0 und d | ||
| 022 | _a15970077 | ||
| 050 | _a P 87. J68/ | ||
| 245 | 0 | _aJournal of communication & language arts(JCLA) | |
| 260 | _aNigeria | ||
| 260 | _bGrreenminds media | ||
| 260 | _c2014 | ||
| 300 | _a180 p. ; :ill. 21 cm. | ||
| 650 | _a Arts. Arts--Periodicals. | ||
| 942 | _cSR | ||
| 999 |
_c38371 _d38371 |
||